Đạo mẫu Việt Nam
Đã lưu trong:
| Tác giả chính: | |
|---|---|
| Định dạng: | Sách |
| Ngôn ngữ: | Vietnamese |
| Được phát hành: |
Tp. Hồ Chí Minh
Tri thức- cty sách Văn hóa Việt Nam
2019
|
| Những chủ đề: | |
| Các nhãn: |
Thêm thẻ
Không có thẻ, Là người đầu tiên thẻ bản ghi này!
|
| Thư viện lưu trữ: | Trung tâm Học liệu Lê Vũ Hùng, Trường Đại học Đồng Tháp |
|---|
| LEADER | 00758pam a22002298a 4500 | ||
|---|---|---|---|
| 001 | 00044917 | ||
| 005 | 20191016161022.0 | ||
| 008 | 131216s2013 ||||||viesd | ||
| 020 | # | # | |a 978 604 943 724 3 |c 500000 |
| 041 | 0 | # | |a vie |
| 082 | 1 | 4 | |a 398.410 959 7 |b Đ108M |
| 100 | 0 | # | |a Ngô, Đức Thịnh |
| 245 | 0 | 0 | |c Ngô Đức Thịnh |a Đạo mẫu Việt Nam |
| 260 | # | # | |a Tp. Hồ Chí Minh |b Tri thức- cty sách Văn hóa Việt Nam |c 2019 |
| 300 | # | # | |a 900 tr. |c 24 cm |
| 653 | # | # | |a Tín ngưỡng tôn giáo |
| 653 | # | # | |a Việt Nam |
| 653 | # | # | |a Văn hóa |
| 653 | # | # | |a Đạo Mẫu |
| 852 | # | # | |j KD.0026158 |
| 910 | # | # | |d 16/10/2019 |
| 980 | # | # | |a Trung tâm Học liệu Lê Vũ Hùng, Trường Đại học Đồng Tháp |